Rating appeals in England and Wales (Record no. 88957)

MARC details
000 -LEADER
fixed length control field 00528cam a2200205 4500
001 - CONTROL NUMBER
control field D16026
008 - FIXED-LENGTH DATA ELEMENTS--GENERAL INFORMATION
fixed length control field 090401t1963 xxu||||| |||| 00| 0 eng d
035 ## - SYSTEM CONTROL NUMBER
System control number (Sirsi) u26627
041 ## - LANGUAGE CODE
Language code of text/sound track or separate title eng
050 ## - LIBRARY OF CONGRESS CALL NUMBER
Classification number 336.21
-- 18
100 ## - MAIN ENTRY--PERSONAL NAME
Personal name Archer-Lock, A.
245 ## - TITLE STATEMENT
Title Rating appeals in England and Wales
260 ## - PUBLICATION, DISTRIBUTION, ETC.
Place of publication, distribution, etc. [S.l.]
Name of publisher, distributor, etc. CLAS
Date of publication, distribution, etc. 1963
490 ## - SERIES STATEMENT
Series statement CLAS Technical Leaflet
650 ## - SUBJECT ADDED ENTRY--TOPICAL TERM
Topical term or geographic name entry element RATING APPEALS
690 ## - LOCAL SUBJECT ADDED ENTRY--TOPICAL TERM (OCLC, RLIN)
Topical term or geographic name as entry element RATING AND LOCAL TAXATION
710 ## - ADDED ENTRY--CORPORATE NAME
Corporate name or jurisdiction name as entry element Chartered Land Agents' Society
942 ## - ADDED ENTRY ELEMENTS (KOHA)
Suppress in OPAC 0
948 ## - LOCAL PROCESSING INFORMATION (OCLC); SERIES PART DESIGNATOR (RLIN)
c (OCLC) 04/03/1997
Holdings
Withdrawn status Lost status Source of classification or shelving scheme Damaged status Not for loan Home library Current library Shelving location Date acquired Total Checkouts Full call number Barcode Date last seen Copy number Price effective from Koha item type Date last checked out
    Other/Generic Classification Scheme     London London RICS Boxes 14/09/1999   1963/10 30023027 06/08/2019 1 06/08/2019 Reference material  
    Other/Generic Classification Scheme     London London Enquiry desk 25/08/2000 2 1963/10 30061879 06/08/2019 2 06/08/2019 Book 02/10/2000